Το αλφαβητάρι των βοτάνων : [τα 120 πολυτιμότερα βότανα και οι ευεργετικές τους ιδιότητες].

Αποθηκεύτηκε σε:
Λεπτομέρειες βιβλιογραφικής εγγραφής
Μορφή: Βιβλίο
Γλώσσα:Greek
Δημοσίευση: [Αθήνα] : [Πορφύρα], [2007].
Θέματα:
Ετικέτες: Προσθήκη ετικέτας
Δεν υπάρχουν, Καταχωρήστε ετικέτα πρώτοι!

MARC

LEADER 00000nam a2200000 i 4500
001 1/25892
008 130214s2007 gr |||||||||||||| | gre||
020 |a 9789607902283  |q (χαρτόδετο) 
035 |l 10113728 
040 |a GR-MY-UA  |b gre  |e aacr 
041 0 |a gre 
082 0 |a 581.63  |2 (22) 
245 0 3 |a Το αλφαβητάρι των βοτάνων :   |b [τα 120 πολυτιμότερα βότανα και οι ευεργετικές τους ιδιότητες]. 
260 |a [Αθήνα] :   |b [Πορφύρα],   |c [2007].  
300 |a 144 σ.;   |b εικ.;   |c 21 εκ.  
500 |a Το βιβλίο δεν έχει σελίδα τίτλου. Τα σχετικά στοιχεία έχουν ληφθεί από http://www.biblionet.gr 
504 |a Βιβλιογραφία: σ. 143. Ευρετήρια. 
650 0 0 |a Botany, Medical. 
650 0 0 |a Herbs  |x Therapeutic use  |z Greece. 
650 0 0 |a Medicinal plants  |z Greece. 
852 |a INST  |b LEMNOS  |e 20130214  |h 581.63 ΑΛΕ  |p 005600000710  |q 005600000710  |t BK  |y 0 
901 |a BIBL6-2013-1 
909 |a Μ  |b 177766 
922 |a 6ΕΛΗ  |b 201210  |c Παράρτημα Βιβλιοθήκης Λήμνου   |d Ιωαννίδου  
970 |a ΤΣΟΥΚΑΛΑ  |b ΑΛΙΚΗ  |z 2013/01/